|
|
|
|
| LEADER |
00000nas a2200000 a 4500 |
| 001 |
ssj0012018 |
| 003 |
WaSeSS |
| 005 |
20200512172242.0 |
| 006 |
m d |
| 007 |
cr n |
| 008 |
000414d20002004ctumr p s 0 a0eng c |
| 010 |
|
|
|a 00214731
|
| 016 |
7 |
|
|a 007843901
|2 Uk
|
| 016 |
|
|
|a (AMICUS)000024463240
|
| 022 |
|
|
|l 1529-7306
|y 1529-7306
|
| 035 |
|
|
|a (WaSeSS)ssj0012018
|
| 040 |
|
|
|a NSD
|b eng
|c NSD
|d NYG
|d NSD
|d DLC
|d EEM
|d LVB
|d FUG
|d CLU
|d NYG
|d OCLCQ
|d UIU
|d NYG
|d UMC
|d NLGGC
|d DLC
|d CFI
|d OCLCQ
|d UKMGB
|d OCLCF
|d OCLCO
|d NLC
|d GILDS
|d OCLCQ
|d OCLCO
|d RDF
|d GZM
|d CBA
|d OCLCO
|d WaSeSS
|
| 042 |
|
|
|a pcc
|a nsdp
|
| 043 |
|
|
|a n-us---
|
| 050 |
0 |
0 |
|a Z286.O68
|b E45
|
| 050 |
|
4 |
|a TA1635
|b .L37
|
| 082 |
0 |
0 |
|a 004.5/6
|2 20
|
| 210 |
0 |
|
|a Emedia mag.
|b (Wilton Conn.)
|
| 222 |
|
0 |
|a Emedia magazine
|b (Wilton, Conn.)
|
| 245 |
0 |
0 |
|a Emedia magazine
|h [electronic resource].
|
| 246 |
1 |
|
|i Issues from Aug 2002- called:
|a Emedia
|
| 246 |
3 |
|
|a E media magazine
|
| 260 |
|
|
|a Wilton, CT :
|b Online Inc.,
|c c2000-2004.
|
| 310 |
|
|
|a Monthly
|
| 362 |
0 |
|
|a Vol. 13, no. 6 (June 2000)-v. 17, no. 12 (Dec. 2004).
|
| 500 |
|
|
|a Title from cover.
|
| 506 |
|
|
|a License restrictions may limit access.
|
| 650 |
|
0 |
|a Interactive multimedia
|x Publishing
|z United States
|v Periodicals.
|
| 650 |
|
0 |
|a CD-ROM publishing
|z United States
|v Periodicals.
|
| 650 |
1 |
7 |
|a Cd-roms.
|2 gtt
|
| 650 |
1 |
7 |
|a Multimedia.
|2 gtt
|
| 650 |
|
7 |
|a CD-ROM publishing.
|2 fast
|0 (OCoLC)fst00843361
|
| 650 |
|
7 |
|a Interactive multimedia
|x Publishing.
|2 fast
|0 (OCoLC)fst00976004
|
| 650 |
|
6 |
|a Multimédias interactifs
|x Édition
|z États-Unis
|v Périodiques.
|
| 650 |
|
6 |
|a Édition sur cédérom
|z États-Unis
|v Périodiques.
|
| 651 |
|
7 |
|a United States.
|2 fast
|0 (OCoLC)fst01204155
|
| 655 |
|
0 |
|a Electronic journals.
|
| 770 |
0 |
|
|t Emedia magazine buyer's guide
|w (DLC) 2002229208
|w (OCoLC)48842237
|
| 780 |
0 |
0 |
|t Emedia
|x 1525-4658
|w (DLC)sn 99008758
|w (OCoLC)41550587
|
| 785 |
0 |
0 |
|t EventDV
|x 1554-2009
|w (DLC) 2005215311
|w (OCoLC)57383851
|
| 850 |
|
|
|a DLC
|
| 853 |
2 |
0 |
|8 1
|a v.
|b no.
|u 12
|v r
|i (year)
|j (month)
|w m
|
| 856 |
4 |
0 |
|z Full text available from Research Library: 09/01/1988 to 12/31/2004
|u https://search.proquest.com/publication/27848
|
| 863 |
4 |
1 |
|8 1.1
|a 13
|b 6
|i 2000
|j 06
|